LIBRARY & INFORMATION CENTRE, KCAET, TAVANUR

ONLINE PUBLIC ACCESS CATALOGUE (OPAC)

Normal view MARC view
  • Lin, T.Y

Entry Personal Name

Number of records used in: 1

001 - CONTROL NUMBER

  • control field: 7618

003 - CONTROL NUMBER IDENTIFIER

  • control field: OSt

005 - DATE AND TIME OF LATEST TRANSACTION

  • control field: 20250707112207.0

008 - FIXED-LENGTH DATA ELEMENTS

  • fixed length control field: 250707|| aca||aabn | a|a d

040 ## - CATALOGING SOURCE

  • Original cataloging agency: OSt
  • Transcribing agency: OSt

100 ## - HEADING--PERSONAL NAME

  • Personal name: Lin, T.Y

670 ## - SOURCE DATA FOUND

  • Source citation: Work cat.: (OSt)2004: Lin, T.Y ., Design of prestressed concrete structures / , 1966.
free website counter